Marketingový mix hotela APHRODITE**** bakalárska práca

Uložené v:
Podrobná bibliografia
Hlavný autor: Puchelová, Nela
Korporativný autor: Obchodná fakulta EU. Katedra marketingu
Ďalší autori: Hasprová, Mária, 1970-
Médium: Kniha
Jazyk:Slovak
Vydavateľské údaje: Bratislava 2011
Tagy: Pridať tag
Žiadne tagy, Buďte prvý, kto otaguje tento záznam!

MARC

LEADER 00000nbm a2200000 4500
001 0132067
005 20161109111429.8
041 0 |a slo 
044 |a SK 
245 1 0 |a Marketingový mix hotela APHRODITE****  |b bakalárska práca  |c Nela Puchelová ; školiteľ: Mária Hasprová 
264 1 |a Bratislava  |c 2011 
300 |a 59 s. 
100 1 |a Puchelová, Nela 
700 1 |a Hasprová, Mária, 1970- 
710 2 |a Obchodná fakulta EU. Katedra marketingu